[Event "Tilburg"]
[Site "Tilburg"]
[Date "1991.??.??"]
[Round "14"]
[White "Kasparov, Garry"]
[Black "Karpov, Anatoly"]
[Result "1-0"]
[WhiteElo "2770"]
[BlackElo "2730"]
[Annotator "Schussler,H"]
[PlyCount "87"]
[EventDate "1991.10.??"]
[EventType "tourn"]
[EventRounds "14"]
[EventCountry "NED"]
[EventCategory "17"]
[SourceTitle "CBM 026"]
[Source "ChessBase"]
[SourceDate "1992.02.01"]
[SourceVersion "1"]
[SourceVersionDate "1992.02.01"]
[SourceQuality "1"]

1. e4 {Ernst} e5 2. Nf3 Nc6 3. d4 exd4 4. Nxd4 Nf6 5. Nxc6 bxc6 6. e5 Qe7 7.
Qe2 Nd5 8. c4 (8. h4 {Van der Wiel,J} d6 (8... f6 9. c4 Ba6 10. Rh3 fxe5 11.
Ra3 Nb4 12. Nc3 Qxh4 13. g3 Qd4 14. Rxa6 Nxa6 15. Bf4 O-O-O 16. Be3 Qd6 17. c5
Nxc5 18. b4 Nd3+ 19. Qxd3 Qxd3 20. Bxd3 d5 $13 {Van der Wiel,J-Timman,J/
Amsterdam Optibeurs/1987/1/2-1/2/}) 9. c4 Nb6 10. exd6 cxd6 11. Bg5 Qxe2+ 12.
Bxe2 Be6 13. Nd2 h6 14. Bf4 Be7 15. O-O O-O 16. Rac1 Rfd8 17. Nf3 {Van der
Wiel,J-Van der Sterren,P/Budel izt/1987/1-0/35/}) 8... Ba6 (8... Nb6 9. Nd2 Qe6
10. b3 a5 11. Bb2 a4 {11. - Bb4 12.a3 was better for White in Kasparov,
G-Karpov (16)/Wch/1990/.} 12. Qe3 $14 {(Kasparov)}) 9. b3 {Kasparov`s move.} g6
(9... O-O-O 10. g3 $1 Re8 11. Bb2 f6 12. Bg2 fxe5 13. O-O {13.Nd2! planning
0-0-0, Ne4, and Qe2-d2-a5 is better for White according to Azmajparashvili.} h5
$13 {Kasparov,G-Karpov,A (14)/Wch/1990/.}) (9... O-O-O $10 {Ernst}) 10. f4 (10.
Bb2 Bg7 11. Nd2 Nb4 12. Nf3 c5 13. g3 O-O 14. Bg2 $14 {Hjartarson,J-Portisch,L,
Reykjavik 1991 (CBM 26/game 648).}) 10... f6 11. Ba3 Qf7 (11... Nb4 $2 12. Bb2
$16 {/\ a3+}) (11... c5 $5 12. Qe4 Nb6 13. Bb2) 12. Qd2 $1 (12. exf6+ {Ernst}
Kd8 $132) 12... Nb6 13. c5 $1 Bxf1 14. cxb6 $16 axb6 (14... Ba6 15. bxc7 Bxa3
16. Nxa3 fxe5 17. fxe5 Qe7 18. Qd6 $16 {(Wedberg)}) (14... Bxa3 $1 $8 {Ernst}
15. b7 $1 Rb8 16. Nxa3 Bb5 17. Nxb5 cxb5 18. O-O-O fxe5 19. Rhe1 Rxb7 20. Rxe5+
Kd8 $13) 15. e6 $1 dxe6 (15... Qxe6+ {Ernst} 16. Kxf1 Bxa3 17. Nxa3 Rxa3 18.
Re1 $18) 16. Bxf8 Rd8 17. Qb2 Bxg2 18. Qxg2 Kxf8 19. Qxc6 Rd6 20. Qc3 Kg7 21.
Nd2 Rhd8 22. O-O-O Qe8 23. Qxc7+ R8d7 24. Qc2 $18 Qb8 25. Nc4 Rd5 26. Qf2 Qc7
27. Qxb6 Qxf4+ 28. Qe3 Qg4 29. Rdg1 Qh4 30. Rg3 e5 31. Rh3 Qg4 32. Rg1 Rd1+ 33.
Rxd1 Qxd1+ 34. Kb2 h5 35. Rg3 Qh1 36. Qf2 h4 37. Qg2 Qxg2+ 38. Rxg2 g5 39. a4
Kg6 40. a5 e4 41. b4 h3 42. Rg3 Rh7 43. a6 f5 44. Ra3 1-0

[Event "Reggio Emilia-A 9192 34th"]
[Site "Reggio Emilia"]
[Date "1992.??.??"]
[Round "2"]
[White "Salov, Valery"]
[Black "Karpov, Anatoly"]
[Result "1/2-1/2"]
[WhiteElo "2665"]
[BlackElo "2730"]
[Annotator "Schussler,H"]
[PlyCount "62"]
[EventDate "1991.12.??"]
[EventType "tourn"]
[EventRounds "9"]
[EventCountry "ITA"]
[EventCategory "18"]
[SourceTitle "CBM 027"]
[Source "ChessBase"]
[SourceDate "1992.04.01"]
[SourceVersion "1"]
[SourceVersionDate "1992.04.01"]
[SourceQuality "1"]

1. e4 e5 2. Nf3 Nc6 3. d4 exd4 4. Nxd4 Bc5 5. Be3 Qf6 6. c3 Nge7 7. g3 $5 {
More modern is 7.Bc4.} d5 8. Bg2 Nxd4 9. cxd4 Bb4+ (9... Bb6 $5 10. exd5 Nf5
11. O-O O-O 12. Nc3 (12. Nd2 $5 {(Gutman)} Bxd4 13. Bxd4 Nxd4 {13. - Qxd4 14.
Qc2 +/=} 14. Rc1 $14) 12... Bxd4 13. Ne4 Qb6 14. Bxd4 Nxd4 15. Rc1 Bf5 $10 {
Nunn,J-Smagin,S, Bundesliga 1991/92.}) 10. Nc3 Bxc3+ 11. bxc3 dxe4 12. Bxe4 c6
$1 (12... Qe6 $6 13. Qd3 Nd5 14. Bg2 Nxe3 15. Qxe3 Rb8 16. Kd2 {+/=/=,
Campora-Rubinetti, Argentina 1986.}) (12... Bh3 13. Qh5 $5 Qe6 14. Bxb7 $16 Rb8
) 13. O-O O-O 14. a4 (14. Qd2 h6 15. Rab1 Nd5 16. c4 Nb6 17. Rfc1 $14 {(Gutman)
}) 14... Bf5 15. Bg2 Rad8 16. Qb3 Rd7 17. c4 Rfd8 18. h3 h5 $10 19. Rfe1 Qg6
20. a5 Be6 21. Rad1 b5 22. axb6 axb6 23. Qb4 b5 24. cxb5 Nd5 25. Qc5 cxb5 26.
Qxb5 $1 Nc3 27. Qd3 Nxd1 28. Qxg6 fxg6 29. Rxd1 $10 Bd5 30. Bxd5+ Rxd5 31. h4
Kf7 1/2-1/2

[Event "Hastings 9192"]
[Site "Hastings"]
[Date "1991.??.??"]
[Round "1"]
[White "Chandler, Murray G"]
[Black "Speelman, Jonathan S"]
[Result "1/2-1/2"]
[WhiteElo "2605"]
[BlackElo "2630"]
[Annotator "Schussler,H"]
[PlyCount "37"]
[EventDate "1991.12.??"]
[EventType "tourn"]
[EventRounds "14"]
[EventCountry "ENG"]
[EventCategory "14"]
[SourceTitle "CBM 027"]
[Source "ChessBase"]
[SourceDate "1992.04.01"]
[SourceVersion "1"]
[SourceVersionDate "1992.04.01"]
[SourceQuality "1"]

1. e4 e5 2. Nf3 Nc6 3. d4 exd4 4. Nxd4 Bc5 5. Be3 (5. Nxc6 Qf6 6. Qd2 {See
Smagin,S-Mainka,R (CBM 27 game 980).}) 5... Qf6 6. c3 Nge7 7. Bc4 b6 {New.} (
7... Ne5 8. Be2 d5 (8... Qg6 9. O-O d6 10. f3 (10. f4 $6 Qxe4 11. Bf2 Bxd4 12.
cxd4 N5g6 13. Nc3 Qxf4 14. Nb5 O-O $15 {Sax,G-Lukacs,P (CBM 2 game 426).})
10... O-O 11. Nd2 d5 12. Kh1 dxe4 13. fxe4 $10 {Schmittdiel,E-Sokolov,I (CBM
27 game 382).}) 9. O-O dxe4 $6 10. Nb5 $1 Bd6 11. Bc5 $1 a6 $1 (11... O-O 12.
Nxd6 cxd6 13. Qxd6 Qxd6 14. Bxd6 $16 {Steingrimsson-Malanjuk, Kecskemet 1991.})
12. Bxd6 $14 {1/2, Nielsen,PH-Romanishin,O (CBM 27 game 47).}) (7... Nxd4 8.
cxd4 Bb4+ 9. Nc3 Bxc3+ 10. bxc3 O-O 11. O-O Qc6 12. Bd3 d5 13. Qc2 $14 {
Schmittdiel,E-Romanishin,O (CBM 27 game 381).}) 8. O-O Bb7 9. f4 (9. b4 Nxd4
10. cxd4 Bxb4 11. a3 Ba5 12. d5 $1 O-O 13. Ra2 $1 {13.f4?! - Shirov,
A-Agdestein,S (CBM 27 game 469).} Rae8 14. Re2 Ng6 15. Bd4 Qh4 16. g3 Qh5 17.
f4 d6 $14 {Djurhuus,R-Hector,J, Gausdal 1992.}) 9... O-O-O 10. e5 Qh6 11. Qd2
f6 12. Na3 Nxd4 13. cxd4 Bxa3 14. bxa3 Nf5 15. Rac1 fxe5 16. dxe5 Kb8 17. Bd3
Qe6 18. Rfe1 Rc8 19. a4 1/2-1/2

[Event "Dos Hermanas"]
[Site "Dos Hermanas"]
[Date "1992.??.??"]
[Round "4"]
[White "Campora, Daniel Hugo"]
[Black "Rodriguez Talavera, Juan Carlos"]
[Result "0-1"]
[WhiteElo "2550"]
[BlackElo "2375"]
[Annotator "Schussler,H"]
[PlyCount "52"]
[EventDate "1992.05.??"]
[EventType "tourn"]
[EventRounds "9"]
[EventCountry "ESP"]
[EventCategory "10"]
[SourceTitle "CBM 031"]
[Source "ChessBase"]
[SourceDate "1992.12.01"]
[SourceVersion "1"]
[SourceVersionDate "1992.12.01"]
[SourceQuality "1"]

1. e4 e5 2. Nf3 Nc6 3. d4 exd4 4. Nxd4 Bc5 (4... Nf6 5. Nxc6 (5. Nc3 Bb4 6.
Nxc6 bxc6 7. Bd3 d5 8. exd5 Qe7+ 9. Qe2 Nxd5 {9. - Qxe2+ +/=/= Brenke,
A-Arkhipov,S, Lippstadt 1992, CBM 31 game 404.} 10. Qxe7+ Kxe7 11. a3 Bxc3+ 12.
bxc3 Be6 13. O-O f6 14. c4 Nb6 15. Be4 Bxc4 16. Re1 Kf7 17. Bxc6 Rad8 18. Be3
Bd5 19. Bb5 Bc4 $1 20. Bxc4+ Nxc4 21. Bxa7 Rd5 $1 $10 {Lautier,J-Karpov,A,
Biel 1992, CBM 31 game 196.}) 5... bxc6 6. e5 Ne4 $5 {6. - Qe7, 6. - Nd5.} 7.
Qd4 (7. Be3 {7.Qf3!?} d5 8. exd6 cxd6 {8. - Bxd6!?} 9. Bd3 Nf6 {+/=/=,
Timman-Kortchnoi, Sarajevo 1984.}) 7... f5 8. f3 Bc5 9. Qc4 d5 10. Qa4 O-O $13
{Lautier,J-Beliavsky,A, Biel 1992. CBM 31 game 193.}) 5. Be3 Qf6 6. c3 Nge7 7.
Nc2 Bb6 8. g3 d5 $5 9. Bxb6 axb6 10. exd5 Ne5 11. f4 Qg6 (11... Bg4 $2 12. fxe5
Qxe5+ 13. Be2 $18) 12. fxe5 $6 (12. Be2 Qe4 13. O-O Bh3 14. Rf2 Ng4) 12... Qe4+
13. Kd2 Bg4 14. Qe1 Qxd5+ 15. Bd3 {15.Kc1} O-O-O 16. Qf1 Bf5 17. Nb4 Bxd3 $17
18. Nxd3 Qe4 19. Na3 Rxd3+ 20. Qxd3 Qg2+ 21. Ke3 Rd8 22. Qxd8+ Kxd8 23. Rhd1+
Nd5+ 24. Kd4 Ke7 25. Rd3 c5+ 26. Kc4 Qe4+ 0-1

[Event "Brno-B"]
[Site "Brno"]
[Date "1993.??.??"]
[Round "6"]
[White "Polgar, Sofia"]
[Black "Horvath, Gyula"]
[Result "1-0"]
[WhiteElo "2430"]
[BlackElo "2450"]
[Annotator "Schussler,H"]
[PlyCount "86"]
[EventDate "1993.08.??"]
[EventType "tourn"]
[EventRounds "9"]
[EventCountry "CZE"]
[EventCategory "9"]
[SourceTitle "CBM 038"]
[Source "ChessBase"]
[SourceDate "1994.02.01"]
[SourceVersion "1"]
[SourceVersionDate "1994.02.01"]
[SourceQuality "1"]

1. e4 {Horvath,T Donev} e5 2. Nf3 Nc6 3. d4 exd4 4. Nxd4 Qh4 (4... Bc5 5. Nb3 (
5. Nxc6 Qf6 6. Qd2 dxc6 7. Nc3 Be6 8. Na4 Rd8 9. Bd3 Bd4 10. O-O Nh6 $5 11. c3
Ng4 $1 12. cxd4 Qxd4 13. Qc2 Qxd3 14. Qxd3 Rxd3 15. Nc5 Rd4 16. Nxb7 Rxe4 17.
f3 Rb4 18. Nc5 Ne5 19. b3 $10 {Ochoa De Echaguen-Sharif, EU-cup, Barcelona 1993
}) 5... Bb6 6. Nc3 d6 7. a4 a6 8. Nd5 Ba7 9. Be2 Nf6 $1 10. O-O {10.Bg5? Bxf2+
- +} Nxd5 {10. - Nxe4!?} 11. exd5 Ne5 12. Bf4 Ng6 13. Bg3 O-O {+/=/= Adams,
M-Kotronias,V, Chalkidiki 1993}) 5. Nb5 (5. Nf3 {Horvath,T} Qxe4+ 6. Be2 Qe7 $1
7. Bg5 Nf6 8. Nc3 Qd8 9. Bxf6 Qxf6 10. Nd5 Qd8 11. Nd4 Bc5 $13 {Caplinskij})
5... Bc5 (5... Bb4+ {Horvath,T} 6. N1c3 Qxe4+ 7. Be2 Bxc3+ 8. Nxc3 Qd4 9. Bd3
Nb4 10. Nb5 Nxd3+ 11. Qxd3 Qxd3 12. cxd3 Kd8 $10) 6. Qf3 (6. Qe2 Qd8 7. Be3 d6
8. Qd2 (8. Nd2 a6 9. Nc3 Nf6 10. O-O-O O-O 11. f3 $14 {(Gutman,L)}) 8... Bxe3
9. Qxe3 Nf6 10. N1c3 O-O 11. O-O-O Re8 12. f3 Qe7 13. g4 a6 14. Nd4 Nxd4 15.
Qxd4 Qe5 $10 {Bjerring,K-Schüssler,H,Gausdal 1990}) 6... Bb6 (6... Qd8 $2 7.
Qg3 $18) (6... Nf6 7. Nxc7+ (7. Be3 Bxe3 8. Qxe3 O-O 9. Nxc7 Nb4 10. Bd3 d5 11.
e5 d4 12. Qg3 $16 {Müller,K-Mitkov,Mamaja 1991}) 7... Kd8 8. Nxa8 Nxe4 $17) (
6... Nd4 7. Nxc7+ (7. Nxd4 Bxd4 8. Nc3 $5 $13 {8.c3} (8. c3 {Donev} Bb6 9. Nd2
d6 $10)) 7... Kd8 8. Qf4 Nxc2+ 9. Kd1 Qxf4 10. Bxf4 Nxa1 11. Nxa8 d6 12. Bc4
Be6 13. Bxe6 fxe6 14. Nc3 Kd7 $10 15. f3) 7. Be3 $1 Ba5+ (7... Ne5 8. Qe2 Ba5+
9. Nd2 $16) 8. Bd2 (8. Nd2 a6 9. Nd4 {+/-/+/= (Gutman,L)} (9. Nc3 {Donev} Ne5
10. Qg3 Qxg3 11. hxg3 Bxc3 12. bxc3 d6 {><c4} 13. Be2 {^^} Be6 14. Bd4 $14))
8... Bb6 9. Bc3 (9. N1c3 a6 10. Na3 $13 Nd4) (9. Be3 {Donev} Ba5+ 10. Bd2 Bb6
$10) 9... Nf6 (9... Qg5 $5 {Donev}) 10. Bxf6 Qxf6 (10... gxf6 {Donev} 11. N1c3
Ne5 12. Qe2 a6 $13) 11. Qxf6 gxf6 12. N5c3 (12. N1c3 {Donev} a6 13. Na3 {/\ Nd5
} Ba5 14. Nc4 (14. Kd2 b5 $1 15. Nab1 Bb7 $15) 14... Bxc3+ 15. bxc3 d6 16. Ne3
$10) 12... d6 {12. - Bd4 =} 13. Nd5 f5 14. Nbc3 fxe4 15. Nxe4 Be6 16. Nef6+ Kf8
17. O-O-O Ne7 (17... Bxf2 $6 {Donev} 18. Nxc7 Rd8 19. Ncd5 Bd4 20. Bb5 $14) 18.
Nxb6 axb6 19. a3 Ra5 $10 20. Bd3 Kg7 21. Ne4 Ng6 22. Nc3 (22. g3 {Horvath,T} h5
23. h4 $14) 22... Bd7 {22. - c6} 23. Be4 Bc6 24. Rhe1 Rc5 25. a4 (25. Bxc6 $142
{Donev} bxc6 26. Rd3 $14) 25... Ra8 26. Bxc6 bxc6 27. Re3 Rf5 (27... b5 $142 {
Donev} 28. b3 Nf4 $10 {/\ Nd5!; Rc3!}) 28. f3 h5 29. g3 h4 (29... b5 {Donev}
30. b3 bxa4 31. bxa4 Ne5 $132) 30. gxh4 Rh8 31. Rd4 d5 $6 {31. - Nxh4 =} (31...
Rxh4 $142 {Donev} 32. Rxh4 Nxh4 33. Re7 Nxf3 34. Rxc7 Ne5 $10) 32. b4 Rhh5 $2 (
32... Rxh4 {Horvath,T} 33. Rxh4 Nxh4 34. a5 bxa5 35. bxa5 $16) 33. Ne2 c5 (
33... Rxh4 {Donev} 34. Rxh4 Nxh4 35. f4 Rh5 $1 (35... Ng6 $2 36. Ng3 $1 $16)
36. Ng3 Rh8 $14) 34. bxc5 bxc5 35. Rg4 Rxh4 $2 (35... Kh6 $142 {Donev} 36. Ng3
Re5 $8 37. Rxe5 Rxe5 38. f4 $16) 36. Ng3 $1 $18 Rxf3 (36... Rxg4 37. Nxf5+ $18)
(36... Rf4 37. Rxh4 Rxh4 {37. - Nxh4 38.Nh5+ + -} 38. Nf5+ $18) 37. Rxg6+ Kxg6
38. Rxf3 Rxa4 39. Ne2 c6 40. Nf4+ Kg7 41. Nd3 Rh4 42. h3 f6 (42... c4 {Donev}
43. Ne5 $18) 43. Nxc5 Kf7 (43... Kf7 {Donev} 44. Nd7 $1) 1-0

[Event "Gausdal Int"]
[Site "Gausdal"]
[Date "1991.??.??"]
[Round "5"]
[White "Efimov, Igor"]
[Black "Yakovich, Yuri"]
[Result "0-1"]
[WhiteElo "2460"]
[BlackElo "2560"]
[Annotator "Schussler,H"]
[PlyCount "78"]
[EventDate "1991.08.??"]
[EventType "swiss"]
[EventRounds "9"]
[EventCountry "NOR"]
[SourceTitle "CBM 025"]
[Source "ChessBase"]
[SourceDate "1991.12.01"]
[SourceVersion "1"]
[SourceVersionDate "1991.12.01"]
[SourceQuality "1"]

1. e4 e5 2. Nf3 Nc6 3. d4 exd4 4. Nxd4 Nf6 5. Nxc6 {In the other main-line, 5.
Nc3 the new move 14.Qe1!? was seen in Yakovich,Y- Ernst,T, Gausdal 1991 (CBM
25/game 523).} bxc6 6. e5 Qe7 7. Qe2 Nd5 8. c4 Ba6 9. Qe4 Nf6 10. Qe2 Nd5 11.
g3 $5 {Instead of 11.b3 0-0-0 12.g3 as (with a different move-order) in
Kasparov- Karpov (m14) Lyon 1990. Or, instead, 11. - f6?! 12.Bb2 as in
Thorhallson,T- Fyllingen,R, Gausdal 1991 (CBM 25/game 498} f6 {11. ... 0-0-0}
12. e6 $5 dxe6 13. b3 $6 {13.Bg2!} Qf7 $1 $15 14. Bh3 Bb4+ 15. Bd2 e5 16. Bxb4
Nxb4 17. O-O O-O 18. Nc3 Bc8 19. Bxc8 Raxc8 20. Rad1 Rcd8 21. Ne4 f5 22. a3 $6
fxe4 23. Rxd8 Rxd8 24. axb4 Qf3 $1 $17 25. Re1 Rd4 26. h3 Qc3 27. Kg2 Qxb4 28.
Qh5 Qf8 29. Qxe5 Rd2 30. Qe6+ Kh8 31. Rf1 Qf3+ 32. Kg1 h6 33. Qxc6 Rb2 34. h4
Rxb3 35. Re1 a5 36. Qe8+ {36.Qxe4.} Kh7 37. Qxe4+ Qxe4 38. Rxe4 a4 39. h5 $2 {
39.Re5 Rb4 40.Rc5!} a3 0-1

[Event "St Petersburg zt"]
[Site "St Petersburg"]
[Date "1993.??.??"]
[Round "8"]
[White "Sveshnikov, Evgeny"]
[Black "Morozevich, Alexander"]
[Result "1/2-1/2"]
[WhiteElo "2555"]
[BlackElo "2440"]
[Annotator "Schussler,H"]
[PlyCount "34"]
[EventDate "1993.01.??"]
[EventType "swiss"]
[EventRounds "9"]
[EventCountry "RUS"]
[SourceTitle "CBM 034"]
[Source "ChessBase"]
[SourceDate "1993.06.01"]
[SourceVersion "1"]
[SourceVersionDate "1993.06.01"]
[SourceQuality "1"]

1. e4 e5 2. Nf3 Nc6 3. d4 exd4 4. Nxd4 Nf6 (4... Bc5 5. Be3 Qf6 6. c3 Nge7 7.
Bc4 Ne5 (7... b6 8. O-O Bb7 9. Nb5 O-O-O 10. Bxc5 bxc5 11. Qa4 d5 $5 $13 {
Tregubov,P-Sherbakov,R, St. Petersburg zt 1993, CBM 34 game 716}) 8. Be2 Qg6 9.
O-O d6 10. f4 Qxe4 11. Bf2 Bxd4 12. cxd4 N5g6 13. Nc3 Qxf4 14. Nb5 O-O 15. Nxc7
Rb8 16. d5 $13 {Morosevic,A-Balashov,Y, St. Petersburg zt CBM 34 game 669.}) 5.
Nxc6 bxc6 6. Nd2 $5 {New.} (6. Bd3 $5 d5 7. e5 Ng4 8. O-O Qh4 $13 {1/2.
Istratescu,A-Marin,M, Bucharest 1993. CBM 34 game 178.}) (6. e5 Qe7 7. Qe2 Nd5
8. c4 Nb6 9. Nd2 Bb7 10. b3 a5 11. Bb2 $5 {New, known is 11.a4.}) 6... d5 7.
exd5 cxd5 8. Bb5+ Bd7 9. Bxd7+ Qxd7 10. O-O Be7 11. c4 {11.Nf3 0-0 =} O-O 12.
cxd5 Nxd5 13. Ne4 $10 Rad8 14. Qf3 Rfe8 15. Rd1 Qe6 16. Bd2 Bf8 17. Re1 Qg6
1/2-1/2

[Event "Hafnarfirdi"]
[Site "Hafnarfirdi"]
[Date "1992.??.??"]
[Round "5"]
[White "Stefansson, Hannes"]
[Black "Jonsson, Bjorgvin"]
[Result "1-0"]
[WhiteElo "2455"]
[BlackElo "2420"]
[Annotator "Schussler,H"]
[PlyCount "71"]
[EventDate "1992.03.??"]
[EventType "tourn"]
[EventRounds "11"]
[EventCountry "ISL"]
[EventCategory "7"]
[SourceTitle "CBM 029"]
[Source "ChessBase"]
[SourceDate "1992.08.01"]
[SourceVersion "1"]
[SourceVersionDate "1992.08.01"]
[SourceQuality "1"]

1. e4 e5 2. Nf3 Nc6 3. d4 exd4 4. Nxd4 Nf6 5. Nxc6 bxc6 6. e5 Qe7 7. Qe2 Nd5 8.
c4 Ba6 (8... Nb6 9. Nd2 Qe6 10. b3 Bb4 11. Bb2 $5 {11.a3 was played in
Kasparov,G-Karpov,A, Lyon 1990.} O-O 12. O-O-O d5 13. exd6 Qxd6 14. Nf3 Qh6+
15. Qe3 Qxe3+ 16. fxe3 $14 {Kasparov,G-Piket,Je, Dortmund 1992 CBM 29 game 398}
) 9. b3 Qh4 (9... g6 10. f4 Qb4+ 11. Bd2 Qb6 12. Nc3 Nxc3 $5 {12. - Bb4 -
Gelfand,B-Karpov,A, Linares 1992.} 13. Bxc3 Bb4 14. Qd2 c5 15. Bxb4 Qxb4 16.
Qxb4 cxb4 $14 {Lau,R-Dautov,R Dortmund op-A 1992 CBM 29 game 552. 17.a3}) 10.
Bb2 (10. a3 Bc5 11. Qf3 $5 Bd4 12. Ra2 Nb6 13. Bd3 O-O-O 14. Re2 Rhe8 $13 {
Thorhallsson,T-Jonsson,B, Hafnafirdi 1992 CBM 29 game 787}) 10... Bb4+ 11. Kd1
O-O-O $5 {New. 11. - Nf4 12.Qe3 Ne6 was unclear in Gufeld-Wistanetzki, Moskau
1955.} 12. g3 Qh6 13. a3 Be7 14. Qd2 $1 $14 Qxd2+ 15. Nxd2 Nb6 16. Kc2 Rhf8 17.
f4 f6 18. exf6 Bxf6 19. Bxf6 Rxf6 20. Ne4 Rff8 21. Nc5 Bb7 22. a4 a5 23. b4 $1
$18 axb4 24. a5 Rde8 25. axb6 cxb6 26. Nxb7 Kxb7 27. Bd3 b5 28. c5 g5 29. Rhf1
gxf4 30. Rxf4 Rxf4 31. gxf4 Re3 32. Rf1 Kc7 33. f5 Kd8 34. f6 Ke8 35. Bxh7 Kf7
36. Bg6+ 1-0

[Event "Olympiad-32"]
[Site "Yerevan"]
[Date "1996.09.26"]
[Round "10.1"]
[White "Kasparov, Garry"]
[Black "Sokolov, Ivan"]
[Result "1-0"]
[WhiteElo "2785"]
[BlackElo "2670"]
[Annotator "Shipov,S"]
[PlyCount "71"]
[EventDate "1996.09.15"]
[EventType "team-swiss"]
[EventRounds "14"]
[EventCountry "ARM"]
[SourceTitle "CBM 055"]
[Source "ChessBase"]
[SourceDate "1996.12.01"]
[SourceVersion "1"]
[SourceVersionDate "1996.12.01"]
[SourceQuality "1"]
[WhiteTeam "Russia"]
[BlackTeam "Bosnia&Herzegovina"]
[WhiteTeamCountry "RUS"]
[BlackTeamCountry "BIH"]

1. e4 e5 2. Nf3 Nc6 3. d4 exd4 4. Nxd4 Nf6 5. Nxc6 bxc6 6. e5 Qe7 7. Qe2 Nd5 8.
c4 Ba6 9. g3 g6 10. b3 Bg7 11. Bb2 O-O 12. Bg2 Rfe8 (12... Rae8 13. O-O Bxe5 (
13... Nb6 14. Re1 f6 15. Qd2 fxe5 16. Ba3 c5 17. Qa5 e4 18. Nc3 Bd4 19. Rxe4
$16 {Fogarasi,T-Sziraki,T/HUN/1993/1:0/49/}) 14. Qxe5 Qxe5 15. Bxe5 Rxe5 16.
cxd5 Bxf1 17. Kxf1 cxd5 18. Nc3 c6 19. Na4 $14 {Rublevsky,S-Nikolic,P/Polanica
Zdroj/1996/1:0/50/}) 13. O-O Nb6 (13... Rab8 14. Re1 Nb6 15. Qc2 Qb4 16. Nd2
Na4 17. a3 Qb6 18. b4 Nxb2 19. Qxb2 c5 $132 {Messina,I-Ginzburg,M/FRA/1995/0.5/
29/}) 14. Re1 d5 (14... f6 15. e6 $5) 15. Qc2 Qc5 16. Nd2 Rad8 (16... dxc4 17.
Rac1 $36) 17. Rac1 d4 $2 {>< Ba6,Nb6,d4/} (17... dxc4 18. bxc4 Bxe5 $2 (18...
Re6 $13) 19. Nb3 $18) 18. Nf3 d3 (18... Bxe5 $2 19. b4 $1 $18) 19. Qd2 Bc8 20.
h3 $1 h5 (20... Bf5 21. g4) 21. Rcd1 Bf5 22. e6 $3 Rxe6 (22... fxe6 23. Bxg7
Kxg7 24. Qc3+ Kg8 25. Ne5 $16) (22... Bxb2 23. exf7+ Kxf7 24. Qxb2 $16) 23.
Rxe6 Bxe6 (23... fxe6 24. Bxg7 Kxg7 25. Qc3+ Kg8 26. Ne5 $16) 24. Bxg7 Kxg7 25.
Qc3+ Kg8 26. Rxd3 Rxd3 27. Qxd3 $16 {>< c6,c7,a7/} Nd7 $6 (27... a5 $5 {/\ a4/}
) 28. Qc3 Bf5 (28... Nf8 29. Ne5 Bd7 30. b4 Qd6 31. c5 $16) 29. Nd4 Qe5 30. Qd2
c5 31. Nxf5 $1 Qxf5 32. Qa5 Ne5 (32... Qb1+ 33. Kh2 Qb2 34. Qxc7 $18) 33. Qxa7
h4 (33... Nd3 34. Qa8+ Kg7 35. Qf3 $18) 34. Qa8+ Kg7 35. Qe4 Qf6 36. Qxh4 1-0

[Event "Gausdal m"]
[Site "Gausdal"]
[Date "1992.??.??"]
[Round "4"]
[White "Shirov, Alexei"]
[Black "Agdestein, Simen"]
[Result "1-0"]
[WhiteElo "2655"]
[BlackElo "2590"]
[Annotator "Shirov,A"]
[PlyCount "67"]
[EventDate "1992.02.??"]
[EventType "match"]
[EventRounds "4"]
[EventCountry "NOR"]
[SourceTitle "CBM 028"]
[Source "ChessBase"]
[SourceDate "1992.06.01"]
[SourceVersion "1"]
[SourceVersionDate "1992.06.01"]
[SourceQuality "1"]

1. e4 {Schussler} e5 2. Nf3 Nc6 3. d4 exd4 4. Nxd4 Nf6 5. Nxc6 bxc6 6. e5 Qe7
7. Qe2 Nd5 8. c4 Nb6 9. Nd2 (9. b3 $6 a5 $1 10. Ba3 (10. a4 Qb4+ $1 11. Nd2 Qc3
12. Rb1 Bb4 $17) 10... c5 11. Nc3 a4 12. Nb5 Kd8 $17) 9... a5 $1 (9... Qe6 {
Schussler} 10. b3 Bb4 11. Bb2 O-O 12. a3 Bxd2+ 13. Qxd2 f6 14. c5 Nd5 15. O-O-O
fxe5 16. Bc4 d6 $15 {Nijboer,F-Winants,L, Wijk-B CBM 28 game 972.}) 10. h4 $6 (
10. g3 Ba6 11. Bg2 O-O-O 12. b3 (12. O-O $6 f6 $1) 12... f6 13. Bb2 fxe5 14.
O-O $1 $13) 10... a4 $1 (10... Ba6 $6 11. Rh3 O-O-O 12. b4 $1 $40 axb4 13. a3)
11. g3 (11. Rh3 $6 d5 $1 (11... d5 {Schussler} 12. Re3)) 11... Ra5 $1 12. f4
Ba6 $15 13. Rh2 $1 f6 $2 (13... Kd8 $1 {/\ f6} 14. Qe4 (14. Kd1 $6 f6 15. exf6
gxf6 (15... Qxf6 16. Ne4 Qd4+ 17. Qd2 Qg1 $1 18. Qxa5 Qxf1+ 19. Qe1 Qxc4 $17)
16. Qd3 $15) 14... f6 15. Re2 fxe5 16. fxe5 Kc8 $15) 14. exf6 gxf6 {[#]} 15. b4
$1 axb3 (15... Rh5 $2 16. g4 Rh6 17. Qxe7+ Bxe7 18. c5 Bxf1 19. Nxf1 Nd5 20. f5
$18) (15... Rf5 16. Qxe7+ Bxe7 17. Bd3 (17. c5 Bxf1 18. Nxf1 Nd5 19. g4 Rxf4
20. Bxf4 Nxf4 $14) 17... Rh5 18. g4 Rh6 19. f5 $1 Bxb4 20. Rb1 $1 Bd6 (20...
Bf8 21. Ne4 Kf7 22. g5 $1 fxg5 23. Nxg5+ Ke8 24. Bb2 Rg8 25. Re2+ $18) (20...
Bc3 21. Kd1 Be5 22. Rh3 Bf4 23. c5 $1 Bxd3 24. Rxd3 Nc8 25. Nf3 $1 Bxc1 26.
Kxc1 $18 {צh6}) 21. Re2+ Kd8 22. Nf3 Bg3+ 23. Kd1 Rxh4 24. Nxh4 Bxh4 25. Kc2
$16 (25. Be3 $16)) 16. Nxb3 Ra4 17. Nc5 $1 Qxe2+ (17... Ra5 {Schussler} 18.
Qxe7+ Bxe7 19. Nxa6 Rxa6 20. c5) 18. Rxe2+ Kf7 19. Nxa4 Nxa4 20. Rc2 $1 $16 Bc5
(20... Rg8 21. Kf2 Nc5 22. Kf3 f5 23. Bd2 Ne4 24. Be1 $16 c5 25. Rb1) 21. Rb1
Re8+ 22. Be2 $2 (22. Kd1 d5 (22... Nb6 23. Rb3 $18) (22... Bd4 23. Rb3 $18) (
22... Re4 23. Bd3 $18) 23. Be2 Rg8 24. Rb3 $18) 22... Nb6 $1 23. Kd1 Re4 24.
Bd3 Rd4 25. Ke2 Nxc4 (25... Bxc4 26. Bxc4+ Nxc4 27. Rb8 $16) 26. Rb8 Rxd3 27.
Kxd3 Ne3+ 28. Kc3 d5 $2 (28... Nxc2 29. Kxc2 $16) 29. Bxe3 Bxe3 30. Kb4 Ke7 (
30... c5+ 31. Rxc5 $18) 31. Rxc6 Be2 32. Rxc7+ Kd6 33. Rc3 Bd2 34. Rd8+ 1-0